Vườn cổ tích Việt Nam
保存先:
| フォーマット: | 図書 |
|---|---|
| 言語: | Undetermined |
| 出版事項: |
Đồng Nai
Nxb. Đồng Nai
2012
|
| 主題: | |
| タグ: |
タグ追加
タグなし, このレコードへの初めてのタグを付けませんか!
|
| Thư viện lưu trữ: | Trung tâm Học liệu Trường Đại học Cần Thơ |
|---|
| LEADER | 00573nam a2200193Ia 4500 | ||
|---|---|---|---|
| 001 | CTU_181106 | ||
| 008 | 210402s9999 xx 000 0 und d | ||
| 020 | |c 48000 | ||
| 082 | |a 398.209597 | ||
| 082 | |b V560 | ||
| 245 | 0 | |a Vườn cổ tích Việt Nam | |
| 245 | 0 | |c Ngọc Hà Sưu Tầm | |
| 260 | |a Đồng Nai | ||
| 260 | |b Nxb. Đồng Nai | ||
| 260 | |c 2012 | ||
| 650 | |a Folk literature, vietnamese,Truyện dân gian, việt nam | ||
| 650 | |z Việt Nam | ||
| 904 | |i Nguyệt | ||
| 980 | |a Trung tâm Học liệu Trường Đại học Cần Thơ | ||